[Event "LIBEREC OPEN 2020"]
[Site "Clarion Grandhotel Zlaty Lev, "]
[Date "2020.02.26"]
[Round "6"]
[White "Pawicka, Magdalena"]
[Black "Kucera, Petr"]
[Result "0-1"]
[WhiteElo "1962"]
[BlackElo "2203"]
[PlyCount "66"]
[EventDate "2020.02.22"]

1. e4 d5 2. exd5 Nf6 3. Bb5+ Nbd7 4. c4 a6 5. Ba4 b5 6. cxb5 Nxd5 7. Ne2 N5b6
8. O-O e6 9. d4 Bd6 10. Nbc3 Nxa4 11. Qxa4 O-O 12. Qc2 Bb7 13. Bf4 Bxf4 14.
Nxf4 axb5 15. Ne4 Ra4 16. Rfd1 e5 17. Ne2 exd4 18. Rxd4 Rxd4 19. Nxd4 Qa8 20.
Ng5 Nf6 21. Nxb5 Bxg2 22. Nxc7 Qb7 23. Re1 h6 24. f3 Bxf3 25. Nxf3 Qxf3 26. Qf2
Qc6 27. Qf4 Rc8 28. Rc1 Qb6+ 29. Kh1 Qxb2 30. Qc4 Qb7+ 31. Kg1 Ne8 32. Re1 Nd6
33. Qd5 Qxc7 0-1

[Event "LIBEREC OPEN 2020"]
[Site "Clarion Grandhotel Zlaty Lev, "]
[Date "2020.02.26"]
[Round "6"]
[White "Mazurek, Bartosz"]
[Black "Cakl, Zdenek"]
[Result "1/2-1/2"]
[WhiteElo "1908"]
[BlackElo "2066"]
[PlyCount "50"]
[EventDate "2020.02.22"]

1. d4 d5 2. c4 e6 3. Nc3 Nf6 4. Nf3 Be7 5. Bg5 Nbd7 6. e3 h6 7. Bh4 O-O 8. Qc2
c5 9. cxd5 Nxd5 10. Bxe7 Nxe7 11. Be2 b6 12. O-O Bb7 13. dxc5 Nxc5 14. b4 Nd7
15. Rfd1 Qc7 16. Qb2 Nf6 17. Rac1 Qb8 18. h3 Rd8 19. a3 Rxd1+ 20. Rxd1 Ned5 21.
Nxd5 Bxd5 22. Nd4 Qb7 23. Bf3 Bxf3 24. Nxf3 Rc8 25. Nd4 Qd5 1/2-1/2

[Event "LIBEREC OPEN 2020"]
[Site "Clarion Grandhotel Zlaty Lev, "]
[Date "2020.02.26"]
[Round "6"]
[White "Lye, Sigurd"]
[Black "Bradac, Daniel"]
[Result "0-1"]
[WhiteElo "1738"]
[BlackElo "1975"]
[PlyCount "82"]
[EventDate "2020.02.22"]

1. e4 d5 2. exd5 Qxd5 3. Nc3 Qd8 4. d4 Nf6 5. Nf3 Bg4 6. h3 Bh5 7. g4 Bg6 8.
Ne5 Nbd7 9. Nxg6 hxg6 10. Bg2 c6 11. Bf4 e6 12. Qd2 Nb6 13. Qd3 Bd6 14. Bg5 Qc7
15. Ne4 Be7 16. Nxf6+ gxf6 17. Bd2 O-O-O 18. O-O-O c5 19. Be3 c4 20. Qd2 Nd5
21. c3 b5 22. Kb1 a5 23. a3 Qb7 24. f4 Kd7 25. Qc2 Rb8 26. Bxd5 Qxd5 27. Kc1
Rhc8 28. Rh2 b4 29. axb4 axb4 30. Kd2 b3 31. Qc1 Ra8 32. Ke1 Ra2 33. Qd2 Ba3
34. Rb1 Qe4 35. Qc1 Bd6 36. Kf1 g5 37. Rf2 Rh8 38. fxg5 Rxh3 39. Ke2 Qd3+ 40.
Ke1 Rh1+ 41. Rf1 Rxf1# 0-1

[Event "LIBEREC OPEN 2020"]
[Site "Clarion Grandhotel Zlaty Lev, "]
[Date "2020.02.26"]
[Round "6"]
[White "Meszaros, Ludek"]
[Black "Machacek, Jan"]
[Result "1/2-1/2"]
[WhiteElo "2096"]
[BlackElo "1621"]
[PlyCount "157"]
[EventDate "2020.02.22"]

1. d4 Nf6 2. c4 e6 3. Nc3 d5 4. Bg5 c6 5. e3 Nbd7 6. Nf3 Be7 7. Bd3 O-O 8. O-O
dxc4 9. Bxc4 b5 10. Bb3 Bb7 11. Qe2 a6 12. Rfd1 Qc7 13. Rac1 Rfd8 14. Bf4 Bd6
15. Bxd6 Qxd6 16. e4 Qe7 17. e5 Ne8 18. Ne4 c5 19. Nxc5 Nxc5 20. Rxc5 Rxd4 21.
Rdc1 Rd7 22. h3 Nc7 23. a4 b4 24. a5 Nd5 25. Qc4 h6 26. Ba4 Rdd8 27. Bc6 Rac8
28. g3 Qxc5 29. Qxc5 Rxc6 30. Qxc6 Bxc6 31. Rxc6 Ne7 32. Rxa6 Rd3 33. Kg2 Rb3
34. Ra8+ Kh7 35. Ra7 Nc6 36. Rc7 Nxa5 37. Rc5 Nb7 38. Rb5 Nd8 39. Nd4 Rxb2 40.
Rb8 Rd2 41. Rxb4 f6 42. exf6 gxf6 43. Kf3 e5 44. Nf5 Ne6 45. Rb7+ Kg6 46. g4
e4+ 47. Kg3 Rd3+ 48. Kh4 Ra3 49. Re7 Ra6 50. Kg3 h5 51. Kh4 Rb6 52. Ng3 hxg4
53. Kxg4 Ng7 54. Kf4 Re6 55. Ra7 f5 56. h4 Rb6 57. h5+ Nxh5+ 58. Nxh5 Kxh5 59.
Kxf5 Rb5+ 60. Kxe4 Kg6 61. f4 Kf6 62. Rc7 Ra5 63. Kf3 Ra3+ 64. Kg4 Ra6 65. Rh7
Ra1 66. Rh6+ Kg7 67. Rb6 Ra5 68. Rc6 Rb5 69. Rc3 Rb6 70. Kg5 Rb5+ 71. f5 Rb7
72. Rc6 Ra7 73. Rg6+ Kf7 74. Rh6 Ra1 75. Rh7+ Kf8 76. Rb7 Ra6 77. Rc7 Rb6 78.
Rh7 Ra6 79. Rb7 1/2-1/2

[Event "LIBEREC OPEN 2020"]
[Site "Clarion Grandhotel Zlaty Lev, "]
[Date "2020.02.26"]
[Round "6"]
[White "Vestfal, Jan"]
[Black "Nehyba, Martin"]
[Result "1/2-1/2"]
[WhiteElo "1753"]
[BlackElo "2170"]
[PlyCount "25"]
[EventDate "2020.02.22"]

1. e4 c5 2. c3 d5 3. exd5 Qxd5 4. d4 Nc6 5. Nf3 e5 6. dxe5 Qxd1+ 7. Kxd1 Bg4 8.
Bf4 O-O-O+ 9. Nbd2 Nge7 10. Kc2 Ng6 11. Bg3 Bf5+ 12. Kc1 Re8 13. Bb5 1/2-1/2

[Event "LIBEREC OPEN 2020"]
[Site "Clarion Grandhotel Zlaty Lev, "]
[Date "2020.02.26"]
[Round "6"]
[White "Valenta, Vit"]
[Black "Bigalke, Moritz"]
[Result "1-0"]
[WhiteElo "2060"]
[BlackElo "1776"]
[PlyCount "43"]
[EventDate "2020.02.22"]

1. b4 e5 2. Bb2 Bxb4 3. Bxe5 Nf6 4. Nf3 d5 5. g3 O-O 6. Bg2 c5 7. O-O Nc6 8.
Bb2 Ba5 9. d3 Bf5 10. Nbd2 Re8 11. e3 Bc7 12. Rb1 Rb8 13. Nb3 b6 14. Nh4 Be6
15. f4 Ng4 16. f5 Nxe3 17. fxe6 Rxe6 18. Qh5 Nxf1 19. Bxd5 Bxg3 20. Bxe6 fxe6
21. Rxf1 Be5 22. Bxe5 1-0

[Event "LIBEREC OPEN 2020"]
[Site "Clarion Grandhotel Zlaty Lev, "]
[Date "2020.02.26"]
[Round "6"]
[White "Sichrovsky, Tomas"]
[Black "Dalecky, Bretislav"]
[Result "0-1"]
[WhiteElo "1470"]
[BlackElo "2060"]
[PlyCount "74"]
[EventDate "2020.02.22"]

1. d4 Nf6 2. c4 e6 3. Nc3 d5 4. Nf3 c6 5. Bg5 Be7 6. e3 h6 7. Bh4 O-O 8. Qc2
Nbd7 9. Bd3 Re8 10. O-O dxc4 11. Bxc4 Nd5 12. Bxe7 Qxe7 13. Rfd1 N5b6 14. Be2
e5 15. dxe5 Nxe5 16. Nxe5 Qxe5 17. Rd4 Bf5 18. Bd3 Be6 19. Rd1 Kh8 20. Be2 Nd5
21. Bf3 Ne7 22. h3 Nf5 23. R4d2 Nh4 24. Be2 Qg5 25. g3 Ng6 26. Kh2 Qa5 27. b3
Re7 28. Na4 Rae8 29. Bf3 Qg5 30. Qc5 Qf6 31. Bg2 a6 32. Qd4 Qf5 33. Nc5 Bc8 34.
Qc3 Qh5 35. Na4 Bg4 36. Re1 Ne5 37. Qb4 Nf3+ 0-1

[Event "LIBEREC OPEN 2020"]
[Site "Clarion Grandhotel Zlaty Lev, Liberec"]
[Date "2020.02.26"]
[Round "6"]
[White "Habenicht, Martin"]
[Black "Pastuszko, Katarzyna"]
[Result "1-0"]
[WhiteElo "1966"]
[BlackElo "1362"]
[PlyCount "59"]
[EventDate "2020.02.22"]

1. Nf3 d5 2. d4 Nf6 3. g3 c6 4. Bg2 Bf5 5. O-O e6 6. Nbd2 Be7 7. c4 a6 8. a4 a5
9. Nh4 Bg4 10. h3 Bh5 11. g4 Ne4 12. Nxe4 dxe4 13. gxh5 Bxh4 14. Bxe4 O-O 15.
Bf4 Nd7 16. e3 f5 17. Bf3 Bg5 18. Bd6 Be7 19. Bh2 Bh4 20. Qb3 Ra7 21. Rad1 Nf6
22. d5 Ne4 23. dxe6 Qg5+ 24. Bg2 Qxh5 25. Rd7 Qe8 26. Be5 Bf6 27. Bxf6 Nxf6 28.
Rxb7 Ra6 29. e7 Rf7 30. Rb8 1-0

[Event "LIBEREC OPEN 2020"]
[Site "Clarion Grandhotel Zlaty Lev, "]
[Date "2020.02.26"]
[Round "6"]
[White "Jeute, Peter"]
[Black "Garwacki, Kornel"]
[Result "0-1"]
[WhiteElo "1880"]
[BlackElo "1287"]
[PlyCount "64"]
[EventDate "2020.02.22"]

1. d4 d5 2. Nf3 e6 3. e3 Nf6 4. Bd3 Nbd7 5. Nbd2 Be7 6. O-O O-O 7. c3 c5 8. e4
dxe4 9. Nxe4 Nxe4 10. Bxe4 Nf6 11. Bc2 cxd4 12. Nxd4 Bc5 13. Bg5 Bxd4 14. cxd4
Bd7 15. Qd3 g6 16. Qf3 Kg7 17. Rfd1 Bc6 18. Qh3 h5 19. Qh4 Rc8 20. Rac1 Qe7 21.
Re1 Rc7 22. Bb3 Rd7 23. Rcd1 Rfd8 24. a3 a6 25. f4 Rxd4 26. Rxd4 Rxd4 27. Qf2
Qd6 28. Bxf6+ Kxf6 29. g3 Rd2 30. Re2 Rxe2 31. Qxe2 Qc5+ 32. Qf2 Qc1+ 0-1

[Event "LIBEREC OPEN 2020"]
[Site "Clarion Grandhotel Zlaty Lev, "]
[Date "2020.02.27"]
[Round "7"]
[White "Kulon, Klaudia"]
[Black "Priasmoro, Novendra"]
[Result "0-1"]
[WhiteElo "2335"]
[BlackElo "2493"]
[PlyCount "50"]
[EventDate "2020.02.22"]

1. d4 {[%emt 0:00:00]} Nf6 2. Bg5 Ne4 3. h4 c5 4. d5 d6 5. Nd2 Nxg5 6. hxg5 g6
7. e4 Bg7 8. c3 h6 9. gxh6 Rxh6 10. Rxh6 Bxh6 11. Ngf3 Nd7 12. a4 Nf6 13. a5
Kf8 14. Qa4 e6 15. dxe6 Bxe6 16. O-O-O Bd7 17. Bb5 Bxb5 18. Qxb5 Qe8 19. Qxb7
Rb8 20. Qa6 Nxe4 21. Kc2 Qa4+ 22. b3 Rxb3 23. Nxb3 Qa2+ 24. Kd3 Nxf2+ 25. Kc4
Qe2+ 0-1

[Event "LIBEREC OPEN 2020"]
[Site "Clarion Grandhotel Zlaty Lev, "]
[Date "2020.02.27"]
[Round "7"]
[White "Nomin-Erdene, Davaademberel"]
[Black "Belaska, Premysl"]
[Result "1/2-1/2"]
[WhiteElo "2417"]
[BlackElo "2212"]
[PlyCount "149"]
[EventDate "2020.02.22"]

1. e4 c5 2. Nf3 d6 3. d4 cxd4 4. Nxd4 Nf6 5. Nc3 a6 6. Be3 e6 7. f3 b5 8. g4 b4
9. Nce2 h6 10. Qd2 e5 11. Nb3 Nc6 12. Rd1 Be6 13. Ng3 g6 14. h4 Qc7 15. Qg2 a5
16. Bb5 a4 17. Nd2 Ra5 18. Qe2 Qb7 19. Bc4 Nd8 20. Bxe6 Nxe6 21. Nc4 Ra6 22. h5
Nf4 23. Qd2 Qb5 24. Bxf4 exf4 25. Qxf4 Nxh5 26. gxh5 Qxc4 27. hxg6 fxg6 28. Qf6
Rg8 29. Rd5 Qc8 30. Rb5 Be7 31. Qd4 b3 32. Qd5 Rf8 33. axb3 a3 34. bxa3 Rxa3
35. O-O Bg5 36. f4 Bxf4 37. Rxf4 Ra1+ 38. Kh2 Qxc2+ 39. Kh3 Qc8+ 40. Nf5 Qc3+
41. Kg2 Ra2+ 42. Rf2 Rxf2+ 43. Kxf2 Qc2+ 44. Kf3 Qc3+ 45. Kg2 Qc2+ 46. Kh3 Qc3+
47. Ng3 Qc8+ 48. Kg2 Qc2+ 49. Kh3 Qc8+ 50. Nf5 gxf5 51. exf5 Qc3+ 52. Kg4 h5+
53. Kf4 Qc1+ 54. Ke4 Qe1+ 55. Kd4 Qd1+ 56. Kc4 Qxd5+ 57. Rxd5 Ke7 58. f6+ Rxf6
59. Rxh5 Kd7 60. Kb5 d5 61. Rxd5+ Kc7 62. Kc5 Rc6+ 63. Kb4 Rb6+ 64. Rb5 Kc6 65.
Rxb6+ Kxb6 66. Kc4 Kc6 67. b4 Kb6 68. b5 Kb7 69. Kb4 Kb6 70. Ka4 Kb7 71. Ka5
Ka7 72. b6+ Kb7 73. Kb5 Kb8 74. Kc6 Kc8 75. b7+ 1/2-1/2

[Event "LIBEREC OPEN 2020"]
[Site "Clarion Grandhotel Zlaty Lev, "]
[Date "2020.02.27"]
[Round "7"]
[White "Kucera, Petr"]
[Black "Moravec, Vit"]
[Result "1-0"]
[WhiteElo "2203"]
[BlackElo "2222"]
[PlyCount "47"]
[EventDate "2020.02.22"]

1. d4 d5 2. Nf3 Nf6 3. c4 dxc4 4. Nc3 e6 5. e3 c5 6. Bxc4 Nc6 7. O-O cxd4 8.
exd4 Be7 9. a3 O-O 10. Be3 Bd7 11. Rc1 Na5 12. Ba2 Bc6 13. b4 Bxf3 14. Qxf3 Nc6
15. Rfd1 Bd6 16. d5 Ne5 17. Qh3 Nxd5 18. Nxd5 exd5 19. Rxd5 Qe7 20. Rcd1 Rfd8
21. Bb1 Ng6 22. Bg5 f6 23. Be3 Bc7 24. Ba2 1-0

[Event "LIBEREC OPEN 2020"]
[Site "Clarion Grandhotel Zlaty Lev, "]
[Date "2020.02.27"]
[Round "7"]
[White "Cakl, Zdenek"]
[Black "Habenicht, Martin"]
[Result "1-0"]
[WhiteElo "2066"]
[BlackElo "1966"]
[PlyCount "71"]
[EventDate "2020.02.22"]

1. Nf3 d6 2. d4 g6 3. b3 Bg7 4. Bb2 c5 5. g3 Nc6 6. Bg2 Nh6 7. O-O Bg4 8. c3
O-O 9. h3 Bxf3 10. Bxf3 cxd4 11. cxd4 Rc8 12. e3 Nf5 13. Nc3 e5 14. d5 Nb4 15.
Rc1 Re8 16. a3 Na6 17. b4 Qd7 18. Bg2 Nc7 19. Qb3 Na8 20. Rfd1 b5 21. Bf1 a6
22. a4 bxa4 23. Qxa4 Qxa4 24. Nxa4 Rb8 25. Ba3 Nb6 26. Nxb6 Rxb6 27. Rc6 Rxc6
28. dxc6 Rc8 29. Rc1 Ne7 30. Bxa6 Rxc6 31. Rxc6 Nxc6 32. b5 Nb8 33. Bxd6 Nd7
34. Bc7 Bf8 35. Bc8 Nc5 36. b6 1-0

[Event "LIBEREC OPEN 2020"]
[Site "Clarion Grandhotel Zlaty Lev, "]
[Date "2020.02.27"]
[Round "7"]
[White "Lu, Miaoyi"]
[Black "Valenta, Vit"]
[Result "0-1"]
[WhiteElo "1824"]
[BlackElo "2060"]
[PlyCount "72"]
[EventDate "2020.02.22"]

1. d4 c5 2. d5 e5 3. c4 f5 4. e4 d6 5. Nc3 Nf6 6. Bd3 f4 7. Bd2 Be7 8. Qc2 O-O
9. f3 Na6 10. a3 Nc7 11. Nge2 Bd7 12. O-O-O a6 13. g3 fxg3 14. hxg3 b5 15. Na2
bxc4 16. Bxc4 Nb5 17. f4 Ng4 18. Rdf1 Bf6 19. f5 Bg5 20. Qd3 Nd4 21. Kb1 Bxd2
22. Qxd2 Bb5 23. Bxb5 axb5 24. Rh4 Nf6 25. Nec1 Qb6 26. Nd3 Qa6 27. Rf2 Rfb8
28. Nab4 cxb4 29. Nxb4 Qb6 30. Qg5 Rc8 31. Rf1 Qc5 32. Qd2 Qc4 33. Qd3 Ne2 34.
Qxc4 Rxc4 35. Nc6 Nxe4 36. Rd1 N2xg3 0-1

[Event "LIBEREC OPEN 2020"]
[Site "Clarion Grandhotel Zlaty Lev, "]
[Date "2020.02.27"]
[Round "7"]
[White "Machacek, Jan"]
[Black "Paldus, Petr"]
[Result "0-1"]
[WhiteElo "1621"]
[BlackElo "2009"]
[PlyCount "78"]
[EventDate "2020.02.22"]

1. e4 d6 2. d4 Nf6 3. Nc3 g6 4. Be3 Bg7 5. Qd2 c6 6. f3 O-O 7. Bh6 e5 8. Bxg7
Kxg7 9. O-O-O Qa5 10. h4 h5 11. Be2 b5 12. Nh3 b4 13. Nb1 Qb6 14. d5 cxd5 15.
exd5 a5 16. Ng5 a4 17. g4 b3 18. cxb3 axb3 19. a3 Ba6 20. Ne4 Nbd7 21. Nbc3
Rfc8 22. Kb1 Nxe4 23. fxe4 Rxc3 24. bxc3 Bxe2 25. Qxe2 Rxa3 26. c4 Qa5 27. Qb2
Nc5 28. Rh3 hxg4 29. Re3 Ra2 30. Qc3 Qa4 31. Rd2 Rxd2 32. Qxd2 Qa3 33. Qb2
Qxb2+ 34. Kxb2 Kh6 35. Re1 Kh5 36. Rf1 g3 37. Rxf7 Kxh4 38. Rf6 g5 39. Rxd6 g2
0-1

[Event "LIBEREC OPEN 2020"]
[Site "Clarion Grandhotel Zlaty Lev, "]
[Date "2020.02.27"]
[Round "7"]
[White "Nehyba, Martin"]
[Black "Hodan, Jiri"]
[Result "1-0"]
[WhiteElo "2170"]
[BlackElo "1851"]
[PlyCount "57"]
[EventDate "2020.02.22"]

1. c4 c5 2. Nc3 Nc6 3. g3 g6 4. Bg2 Bg7 5. e3 d6 6. Nge2 e5 7. O-O Nge7 8. a3
O-O 9. Rb1 f5 10. d3 a5 11. b3 Be6 12. Qc2 Qc7 13. Nb5 Qd7 14. Bb2 Rad8 15.
Rfd1 d5 16. cxd5 Bxd5 17. Bxd5+ Qxd5 18. Nc7 Qd7 19. Qc4+ Rf7 20. Nb5 Qd5 21.
Nec3 Qxc4 22. dxc4 Rff8 23. Na4 Rxd1+ 24. Rxd1 Rd8 25. Rxd8+ Nxd8 26. Nxc5 Nc8
27. Bc3 Bf8 28. Nd7 Bxa3 29. Nxa3 1-0

[Event "LIBEREC OPEN 2020"]
[Site "Clarion Grandhotel Zlaty Lev, "]
[Date "2020.02.27"]
[Round "7"]
[White "Lye, Sverre"]
[Black "Cermak, Michal"]
[Result "1-0"]
[WhiteElo "1777"]
[BlackElo "2093"]
[PlyCount "71"]
[EventDate "2020.02.22"]

1. e4 e5 2. Nf3 Nc6 3. Bc4 Nf6 4. d3 Be7 5. O-O O-O 6. c3 d5 7. exd5 Nxd5 8.
Re1 Bg4 9. Nbd2 a6 10. h3 Bh5 11. Qc2 Nf4 12. Nxe5 Nxe5 13. Rxe5 Bd6 14. Rxh5
Nxh5 15. Ne4 Bf4 16. Qe2 Bxc1 17. Qxh5 g6 18. Qe5 Bh6 19. h4 Bg7 20. Qg3 b5 21.
Bb3 a5 22. a3 b4 23. h5 gxh5 24. axb4 axb4 25. Rxa8 Qxa8 26. Nf6+ Kh8 27. Nxh5
Bh6 28. Qh4 Qd8 29. Nf6 Kg7 30. Nh5+ Kg6 31. Qh3 Qg5 32. Bd1 Re8 33. f4 Re1+
34. Kf2 Qe7 35. f5+ Kg5 36. Qg4# 1-0

[Event "LIBEREC OPEN 2020"]
[Site "Clarion Grandhotel Zlaty Lev, "]
[Date "2020.02.27"]
[Round "7"]
[White "Korosciel, Aneta"]
[Black "Vestfal, Jan"]
[Result "1-0"]
[WhiteElo "1968"]
[BlackElo "1753"]
[PlyCount "61"]
[EventDate "2020.02.22"]

1. d4 Nf6 2. Nf3 c5 3. c3 b6 4. Bf4 d6 5. h3 g6 6. Nbd2 Bb7 7. e3 Nbd7 8. Bh2
Bg7 9. Bd3 O-O 10. O-O Re8 11. e4 e5 12. dxe5 Nxe5 13. Nxe5 dxe5 14. Qe2 Qc7
15. Rad1 a6 16. a4 Qc6 17. Nc4 Nd7 18. Bc2 a5 19. Rd6 Qc7 20. Rfd1 Red8 21. Bb3
Ba6 22. Qd2 Bc8 23. Nxb6 Bf8 24. Nxc8 Bxd6 25. Nxd6 Rf8 26. Nxf7 Rxf7 27. Qd5
c4 28. Qxc4 Qxc4 29. Bxc4 Kf8 30. Bxf7 Kxf7 31. Rxd7+ 1-0

[Event "LIBEREC OPEN 2020"]
[Site "Clarion Grandhotel Zlaty Lev, "]
[Date "2020.02.27"]
[Round "7"]
[White "Kucera, Jaroslav"]
[Black "Rygl, Jakub"]
[Result "1-0"]
[WhiteElo "1898"]
[BlackElo "1441"]
[PlyCount "43"]
[EventDate "2020.02.22"]

1. e4 c6 2. d4 d5 3. f3 dxe4 4. fxe4 e6 5. Nf3 c5 6. c3 Bd7 7. Bd3 Qb6 8. O-O
Nc6 9. Na3 h6 10. Nc4 Qc7 11. Nce5 Nf6 12. Nxf7 Kxf7 13. e5 Ke8 14. exf6 gxf6
15. Bf4 e5 16. dxe5 fxe5 17. Nxe5 Nxe5 18. Bxe5 Qxe5 19. Re1 Qxe1+ 20. Qxe1+
Kd8 21. Qe5 Rg8 22. Qd5 1-0

[Event "LIBEREC OPEN 2020"]
[Site "Clarion Grandhotel Zlaty Lev, "]
[Date "2020.02.27"]
[Round "7"]
[White "Bigalke, Moritz"]
[Black "Muller, David"]
[Result "0-1"]
[WhiteElo "1776"]
[BlackElo "1590"]
[PlyCount "50"]
[EventDate "2020.02.22"]

1. e4 e6 2. Nf3 d5 3. exd5 exd5 4. g3 Nf6 5. Nc3 Bb4 6. Ne2 Bg4 7. Bg2 Nc6 8.
c3 Bd6 9. O-O Qd7 10. Re1 O-O-O 11. Qa4 a6 12. Qc2 Rhe8 13. d3 Ne5 14. Nxe5
Rxe5 15. Be3 Rde8 16. b4 Nh5 17. d4 R5e7 18. Bxd5 f5 19. Bc4 f4 20. Nxf4 Nxf4
21. gxf4 Bf3 22. f5 Re4 23. Be2 Qxf5 24. Bxf3 Qxf3 25. Kf1 Rxe3 0-1

[Event "LIBEREC OPEN 2020"]
[Site "Clarion Grandhotel Zlaty Lev, "]
[Date "2020.02.27"]
[Round "7"]
[White "Aird, Ian"]
[Black "Mraz, Pavel"]
[Result "1-0"]
[WhiteElo "1848"]
[BlackElo "1552"]
[PlyCount "57"]
[EventDate "2020.02.22"]

1. d4 d5 2. Nf3 Nf6 3. g3 e6 4. Bg2 c6 5. O-O Be7 6. c4 O-O 7. Qc2 Nbd7 8. Nbd2
Re8 9. e4 dxe4 10. Nxe4 Nxe4 11. Qxe4 Nf6 12. Qc2 Bd6 13. Re1 Bd7 14. c5 Bc7
15. h4 a5 16. Bd2 Qb8 17. Ne5 Bxe5 18. dxe5 Nd5 19. a3 Rc8 20. Be4 g6 21. Bg5
Be8 22. Bf3 Qc7 23. Qd2 h5 24. Bf6 Kh7 25. Qg5 Nxf6 26. exf6 Rd8 27. Be4 Rd4
28. Qxh5+ Kg8 29. Qh6 1-0

[Event "LIBEREC OPEN 2020"]
[Site "Clarion Grandhotel Zlaty Lev, "]
[Date "2020.02.28"]
[Round "8"]
[White "Priasmoro, Novendra"]
[Black "Akash, G."]
[Result "1-0"]
[WhiteElo "2493"]
[BlackElo "2449"]
[PlyCount "59"]
[EventDate "2020.02.22"]

1. e4 e5 2. Nf3 Nc6 3. Bb5 a6 4. Ba4 Nf6 5. O-O Be7 6. Re1 b5 7. Bb3 d6 8. c3
O-O 9. d3 Na5 10. Bc2 c5 11. Nbd2 Re8 12. Nf1 h6 13. Ng3 Bf8 14. h3 Nc6 15. d4
cxd4 16. cxd4 exd4 17. Nxd4 Bb7 18. Nxc6 Bxc6 19. Bf4 Qb6 20. Qd3 d5 21. exd5
Bxd5 22. Nh5 Ne4 23. Qxd5 Qxf2+ 24. Kh2 Qxc2 25. Rac1 Qxb2 26. Rc7 Nd6 27. Rxe8
Rxe8 28. Bxd6 Bxd6+ 29. Qxd6 Qxa2 30. Qd4 1-0

[Event "LIBEREC OPEN 2020"]
[Site "Clarion Grandhotel Zlaty Lev, "]
[Date "2020.02.28"]
[Round "8"]
[White "Sernecki, Franciszek"]
[Black "Bradac, Daniel"]
[Result "1-0"]
[WhiteElo "2218"]
[BlackElo "1975"]
[PlyCount "109"]
[EventDate "2020.02.22"]

1. e4 d5 2. exd5 Qxd5 3. Nc3 Qd8 4. Bc4 Nf6 5. Nf3 Bg4 6. Bxf7+ Kxf7 7. Ne5+
Kg8 8. Nxg4 Nc6 9. O-O Qd7 10. Nxf6+ exf6 11. d3 Bd6 12. Qf3 Be5 13. Bf4 Bxf4
14. Qxf4 Nd4 15. Qe4 c6 16. Ne2 Nxe2+ 17. Qxe2 Re8 18. Qd2 Kf7 19. Rfe1 Qd5 20.
Qf4 Re5 21. Rxe5 Qxe5 22. Qxe5 fxe5 23. Re1 Kf6 24. Re4 g5 25. f3 b5 26. Kf2 c5
27. Ke3 a6 28. a3 Re8 29. Kd2 Rd8 30. Ke3 h5 31. b4 Rc8 32. Kd2 h4 33. c4 Rc7
34. Kc3 Ke6 35. bxc5 Rxc5 36. Kb4 Kd6 37. Rg4 bxc4 38. dxc4 a5+ 39. Kc3 Rc8 40.
Rxg5 Rb8 41. Rg6+ Kd7 42. c5 Rb1 43. Kc4 Ra1 44. Kd5 Rxa3 45. Rg7+ Kd8 46. h3
Ra2 47. Rg4 a4 48. Rxh4 a3 49. Ra4 Rxg2 50. Rxa3 Rh2 51. Kd6 Kc8 52. c6 Rd2+
53. Kxe5 Kc7 54. Rc3 Rh2 55. f4 1-0

[Event "LIBEREC OPEN 2020"]
[Site "Clarion Grandhotel Zlaty Lev, "]
[Date "2020.02.28"]
[Round "8"]
[White "Paldus, Petr"]
[Black "Kulon, Klaudia"]
[Result "0-1"]
[WhiteElo "2009"]
[BlackElo "2335"]
[PlyCount "66"]
[EventDate "2020.02.22"]

1. e4 e5 2. Nf3 Nc6 3. Bc4 Nf6 4. d3 h6 5. Nc3 d6 6. h3 g6 7. a3 Bg7 8. Be3 Be6
9. Nd5 Bxd5 10. exd5 Ne7 11. c3 a6 12. a4 O-O 13. Qb3 b5 14. axb5 axb5 15. Rxa8
Qxa8 16. Bxb5 Qa1+ 17. Qd1 Qxb2 18. c4 Nfxd5 19. Bc1 Qc3+ 20. Qd2 Qxd2+ 21.
Bxd2 Nb6 22. Be3 c6 23. Bxb6 cxb5 24. Bc7 Rc8 25. Bxd6 Nf5 26. Ba3 b4 27. Bb2
e4 28. Bxg7 exf3 29. Bf6 fxg2 30. Rg1 Rc6 31. Bb2 Nh4 32. Kd1 Kf8 33. Kc2 Nf3
0-1

[Event "LIBEREC OPEN 2020"]
[Site "Clarion Grandhotel Zlaty Lev, "]
[Date "2020.02.28"]
[Round "8"]
[White "Moravec, Vit"]
[Black "Cakl, Zdenek"]
[Result "1/2-1/2"]
[WhiteElo "2222"]
[BlackElo "2066"]
[PlyCount "146"]
[EventDate "2020.02.22"]

1. d4 d5 2. c4 e6 3. Nf3 f5 4. g3 Nf6 5. Bg2 Be7 6. O-O O-O 7. Nbd2 Ne4 8. Ne5
Nxd2 9. Bxd2 c6 10. Qb3 Qb6 11. c5 Qxb3 12. axb3 Nd7 13. Nd3 e5 14. dxe5 Nxc5
15. Bb4 Nxd3 16. Bxe7 Re8 17. exd3 Rxe7 18. f4 Be6 19. d4 h6 20. b4 a6 21. b5
cxb5 22. Rfc1 Rd8 23. Rc5 Rdd7 24. Rac1 g5 25. Rc8+ Kg7 26. h3 Kh7 27. Kf2 Kg7
28. Ke3 Kh7 29. Bf3 Rg7 30. R1c5 Rg8 31. Rxg8 Kxg8 32. Kd2 Kf7 33. Rc8 gxf4 34.
gxf4 b4 35. Kc2 Re7 36. Rc5 Ke8 37. Kb3 Rg7 38. Kxb4 Rg3 39. Bxd5 Bxd5 40. Rxd5
Rf3 41. Rd6 Rxf4 42. Kc5 Rf2 43. Rb6 Rc2+ 44. Kd5 f4 45. Ke4 Rd2 46. Rxb7 f3
47. Kxf3 Rxd4 48. Rb6 Rd3+ 49. Kg4 h5+ 50. Kf5 Rxh3 51. Ke6 Kf8 52. Rb8+ Kg7
53. Kd7 Rd3+ 54. Ke7 h4 55. Rb4 h3 56. e6 Kg6 57. Rh4 Re3 58. Kd7 Kf6 59. Rf4+
Kg5 60. Rf1 h2 61. e7 Rd3+ 62. Ke6 Re3+ 63. Kd7 Rd3+ 64. Ke6 Re3+ 65. Kf7 Rf3+
66. Rxf3 h1=Q 67. Rg3+ Kf4 68. e8=Q Kxg3 69. Qb8+ Kf2 70. Qb6+ Kg3 71. Qxa6
Qh7+ 72. Ke8 Qh8+ 73. Kd7 Qxb2 1/2-1/2

[Event "LIBEREC OPEN 2020"]
[Site "Clarion Grandhotel Zlaty Lev, "]
[Date "2020.02.28"]
[Round "8"]
[White "Dalecky, Bretislav"]
[Black "Arfan, Aditya Bagus"]
[Result "0-1"]
[WhiteElo "2060"]
[BlackElo "2285"]
[PlyCount "98"]
[EventDate "2020.02.22"]

1. e4 c6 2. d4 d5 3. Nd2 dxe4 4. Nxe4 Nf6 5. Nxf6+ exf6 6. Bc4 Qe7+ 7. Qe2 Bg4
8. f3 Bf5 9. c3 Nd7 10. Qxe7+ Bxe7 11. Ne2 Nb6 12. Bb3 O-O 13. g4 Bd3 14. Ng3
Rfe8 15. Kf2 c5 16. Be3 c4 17. Bd1 Bd6 18. Re1 Nd5 19. Ba4 Red8 20. Bd2 b5 21.
Bd1 b4 22. Be2 bxc3 23. bxc3 Bf4 24. Bxf4 Nxf4 25. Bf1 Rab8 26. Nh5 Rb2+ 27.
Kg3 Nd5 28. Nf4 Nxc3 29. Nxd3 cxd3 30. Bxd3 g5 31. Rac1 Nd5 32. Rc2 Rxc2 33.
Bxc2 Nf4 34. Rd1 Rxd4 35. Rxd4 Ne2+ 36. Kf2 Nxd4 37. Be4 f5 38. gxf5 Kg7 39.
Ke3 Nb5 40. a4 Nd6 41. Bd3 Kf6 42. Kd4 Nxf5+ 43. Kc5 h5 44. a5 h4 45. Be4 Ke5
46. Kb5 Nd6+ 47. Ka6 Nxe4 48. fxe4 g4 49. Kxa7 g3 0-1

[Event "LIBEREC OPEN 2020"]
[Site "Clarion Grandhotel Zlaty Lev, "]
[Date "2020.02.28"]
[Round "8"]
[White "Korosciel, Aneta"]
[Black "Vitak, Jiri"]
[Result "1-0"]
[WhiteElo "1968"]
[BlackElo "2199"]
[PlyCount "47"]
[EventDate "2020.02.22"]

1. d4 c5 2. c3 e6 3. Nf3 Nf6 4. Bf4 Nc6 5. e3 Be7 6. h3 O-O 7. Bd3 d5 8. Nbd2
Bd7 9. O-O Rc8 10. Re1 Be8 11. Rc1 a6 12. Bb1 Nh5 13. Bh2 f5 14. Ne5 Nxe5 15.
Bxe5 Nf6 16. c4 dxc4 17. dxc5 Bh5 18. g4 fxg4 19. Bxf6 Bxf6 20. hxg4 Bh4 21.
Rf1 Qg5 22. Rxc4 Rxc5 23. Rxc5 Qxc5 24. Ne4 1-0

[Event "LIBEREC OPEN 2020"]
[Site "Clarion Grandhotel Zlaty Lev, "]
[Date "2020.02.28"]
[Round "8"]
[White "Pawicka, Magdalena"]
[Black "Nehyba, Martin"]
[Result "1/2-1/2"]
[WhiteElo "1962"]
[BlackElo "2170"]
[PlyCount "42"]
[EventDate "2020.02.22"]

1. e4 c5 2. Nf3 Nc6 3. d4 cxd4 4. Nxd4 Nf6 5. Nc3 e6 6. Ndb5 d6 7. Bf4 e5 8.
Bg5 a6 9. Na3 b5 10. Bxf6 gxf6 11. Nd5 f5 12. g3 Bg7 13. Bg2 f4 14. c3 O-O 15.
O-O fxg3 16. fxg3 Be6 17. Nc2 f6 18. Nce3 Ne7 19. Nxe7+ Qxe7 20. Nf5 Bxf5 21.
Rxf5 Rfd8 1/2-1/2